000 00311 a2200133 4500
082 _a070
090 _c3190
_d3190
100 _aKhalid, A. R.
245 _aFane Khabar Nawasi
_cA. R. Khalid
260 _aLahore:
_bMaqtaba-e-Karwan.
300 _a144 p. ;
_c24 cm.
650 _aJournalism.
942 _cBK
_k070 KHA
999 _c7105
_d7105